| 000 | 00671nam a2200229Ia 4500 | ||
|---|---|---|---|
| 003 | GCL | ||
| 008 | 140319s9999 xx 000 0 ara d | ||
| 040 |
_aGCL / _cGCL |
||
| 082 | 0 | 4 |
_a574.18 _bع ا |
| 100 | 1 | _aعلى البيك | |
| 245 | 1 | 0 |
_aالايقاع الحيوى والانجاز الرياضى ** / _cعلى البيك |
| 700 | 1 | _aصبرى عمر | |
| 260 |
_a[S.N] : _bمنشاة المعارف الاسلامية ، _c1994 |
||
| 300 | _a200 ص | ||
| 490 | _a | ||
| 650 | 0 | 4 | _aفسيولوجيا |
| 650 | 0 | 4 | _aالطب الرياضى |
| 650 | 0 | 4 | _aالعضلات |
| 650 | 0 | 4 | _aالجهاز العضلى |
| 650 | 0 | 4 | _aالعظام |
| 942 |
_2ddc _cBK |
||
| 999 |
_c32985 _d32985 |
||